| 000 | 00000nas 2200000za 4500 |
| 001 | 9.506200 |
| 003 | CaOODSP |
| 005 | 20231215094057 |
| 007 | cr ||||||||||| |
| 008 | 150406c19959999onchn p o f0 a0eng|d |
| 022 | |a1701-8463 |
| 040 | |aCaOODSP|beng |
| 043 | |an-cn--- |
| 086 | 1 |aIN3-16/7E-PDF |
| 130 | 0 |aActuarial report as at ..., pension plan for federally appointed judges (Online) |
| 222 | 0|aActuarial report ..., pension plan for federally appointed judges |
| 245 | 10|aActuarial report as at ... , pension plan for federally appointed judges |h[electronic resource]. |
| 246 | 13|aActuarial report on the pension plan for the federally appointed judges as at ...|f2001- |
| 260 | |aOttawa : |bOffice of the Superintendent of Financial Institutions, Office of the Chief Actuary, |c[199-]- |
| 310 | |aTriennial (irregular) |
| 362 | 0 |a31 Mar. 1995- |
| 500 | |aIssued also in French under title: Rapport actuariel au ..., régime de pensions des juges de nomination fédérale. |
| 692 | 07|2gccst|aJudges |
| 710 | 1 |aCanada. |bOffice of the Superintendent of Financial Institutions Canada. |bOffice of the Chief Actuary. |
| 775 | 08|tRapport actuariel au ..., régime de pensions des juges de nomination fédérale |w(CaOODSP)9.502598 |
| 780 | 00|tPension plan for federally appointed judges |w(CaOODSP)9.852737 |